Air pollution from motor vehicles : (Record no. 328984)

000 -LEADER
fixed length control field 01260cam a2200301 a 4500
001 - CONTROL NUMBER
control field 3034724
003 - CONTROL NUMBER IDENTIFIER
control field Nust
005 - DATE AND TIME OF LATEST TRANSACTION
control field 20170420123709.0
008 - FIXED-LENGTH DATA ELEMENTS--GENERAL INFORMATION
fixed length control field 950807s1996 dcua b i001 0 eng
010 ## - LIBRARY OF CONGRESS CONTROL NUMBER
LC control number 95037837
020 ## - INTERNATIONAL STANDARD BOOK NUMBER
International Standard Book Number 0821334441
040 ## - CATALOGING SOURCE
Original cataloging agency DLC
Transcribing agency DLC
Modifying agency DLC
043 ## - GEOGRAPHIC AREA CODE
Geographic area code n-us---
050 00 - LIBRARY OF CONGRESS CALL NUMBER
Classification number TL214.P6
Item number F35 1996
082 00 - DEWEY DECIMAL CLASSIFICATION NUMBER
Classification number 363.731 FAI
Edition number 20
100 1# - MAIN ENTRY--PERSONAL NAME
Personal name Faiz, Asif.
245 10 - TITLE STATEMENT
Title Air pollution from motor vehicles :
Remainder of title standards and technologies for controlling emissions /
Statement of responsibility, etc. Asif Faiz, Christopher S. Weaver, Michael P. Walsh ; with contributions by Surhid Gautam, Lit-Mian Chan.
260 ## - PUBLICATION, DISTRIBUTION, ETC.
Place of publication, distribution, etc. Washington, D.C. :
Name of publisher, distributor, etc. World Bank,
Date of publication, distribution, etc. 1996.
300 ## - PHYSICAL DESCRIPTION
Extent xix, 246 p. :
Other physical details ill. ;
Dimensions 28 cm.
500 ## - GENERAL NOTE
General note P.B
504 ## - BIBLIOGRAPHY, ETC. NOTE
Bibliography, etc. note Includes bibliographical references and index.
650 #0 - SUBJECT ADDED ENTRY--TOPICAL TERM
Topical term or geographic name entry element Motor vehicles
General subdivision Pollution control devices.
650 #0 - SUBJECT ADDED ENTRY--TOPICAL TERM
Topical term or geographic name entry element Automobiles
General subdivision Motors
-- Exhaust gas
-- Law and legislation
Geographic subdivision United States.
700 1# - ADDED ENTRY--PERSONAL NAME
Personal name Weaver, Christopher S.
700 1# - ADDED ENTRY--PERSONAL NAME
Personal name Walsh, Michael P.
906 ## - LOCAL DATA ELEMENT F, LDF (RLIN)
a 7
b cbc
c orignew
d 1
e ocip
f 19
g y-gencatlg
942 ## - ADDED ENTRY ELEMENTS (KOHA)
Source of classification or shelving scheme
Koha item type Book
Call number prefix 363.731 FAI
Holdings
Withdrawn status Lost status Source of classification or shelving scheme Damaged status Not for loan Collection code Permanent Location Current Location Shelving location Date acquired Total Checkouts Full call number Barcode Date last seen Price effective from Koha item type
            Institute of Environmental Science and Engineering (IESE) Institute of Environmental Science and Engineering (IESE) General Stacks 04/20/2017   363.731 FAI IESE-438 04/20/2017 04/20/2017 Book
            Institute of Environmental Science and Engineering (IESE) Institute of Environmental Science and Engineering (IESE) General Stacks 04/20/2017   363.731 FAI IESE-94 04/20/2017 04/20/2017 Book
            Institute of Environmental Science and Engineering (IESE) Institute of Environmental Science and Engineering (IESE) General Stacks 01/18/2018   363.731 FAI IESE-92 01/18/2018 01/18/2018 Book
© 2023 Central Library, National University of Sciences and Technology. All Rights Reserved.